James v Evans (Record no. 64454)
[ view plain ]
| 000 -LEADER | |
|---|---|
| fixed length control field | 00775cam a2200181 4500 |
| 001 - CONTROL NUMBER | |
| control field | X107906 |
| 008 - FIXED-LENGTH DATA ELEMENTS--GENERAL INFORMATION | |
| fixed length control field | 000000n2000 000 0 eng u |
| 035 ## - SYSTEM CONTROL NUMBER | |
| System control number | (Sirsi) u107906 |
| 245 ## - TITLE STATEMENT | |
| Title | James v Evans |
| 260 ## - PUBLICATION, DISTRIBUTION, ETC. | |
| Date of publication, distribution, etc. | 2000 |
| 490 ## - SERIES STATEMENT | |
| Series statement | New Property Cases |
| Volume/sequential designation | [2000] NPC 85 (22/07/00) |
| 520 ## - SUMMARY, ETC. | |
| Summary, etc. | A negotiation 'subject to contract' is not taken out of s2 of the Law of Property (Miscellaneous Provisions) Act 1989, notwithstanding that one party signs the contract and his cheque is accepted by the sister of the other party who is ill. HEADNOTE FROM JOURNAL - NOT TO BE PHOTOCOPIED. |
| 650 ## - SUBJECT ADDED ENTRY--TOPICAL TERM | |
| Topical term or geographic name entry element | LAW OF PROPERTY (MISCELLANEOUS PROVISIONS) ACT 1989 |
| 650 ## - SUBJECT ADDED ENTRY--TOPICAL TERM | |
| Topical term or geographic name entry element | JAMES V EVANS |
| 650 ## - SUBJECT ADDED ENTRY--TOPICAL TERM | |
| Topical term or geographic name entry element | SUBJECT TO CONTRACT |
| 690 ## - LOCAL SUBJECT ADDED ENTRY--TOPICAL TERM (OCLC, RLIN) | |
| Topical term or geographic name as entry element | PROPERTY AND LAND LAW-CASE LAW |
| 942 ## - ADDED ENTRY ELEMENTS (KOHA) | |
| Suppress in OPAC | 0 |
| Withdrawn status | Lost status | Source of classification or shelving scheme | Damaged status | Not for loan | Home library | Current library | Shelving location | Date acquired | Total Checkouts | Full call number | Barcode | Date last seen | Copy number | Price effective from | Koha item type |
|---|---|---|---|---|---|---|---|---|---|---|---|---|---|---|---|
| Dewey Decimal Classification | London | London | Journal article | 21/08/2000 | X107906 | 107906-1001 | 06/08/2019 | 1 | 06/08/2019 | Law report |